| 000 | 00503nam a2200169Ia 4500 | ||
|---|---|---|---|
| 005 | 20250923145738.0 | ||
| 008 | 008 250917s9999 xx 000 0 eng d | ||
| 037 | _aTextual | ||
| 040 |
_aDSWL _beng _cDSWL |
||
| 041 |
_aeng _2eng |
||
| 084 |
_aYx,Z1x2, N86 _qDSWL |
||
| 245 | 0 |
_aMonitoring survival and development of the young child _cEd. by A.B.Bose |
|
| 260 |
_aNew Delhi _b N.I.P.C.C.D. _c1986 |
||
| 300 | _avi,247p. | ||
| 942 |
_cTEXL _hYx,Z1x2, N86 |
||
| 999 |
_c1455136 _d1455136 |
||